Citizens and participatory schemes in Brazil and Chile /

Demandas sociales de Chile y Brasil, factores históricos

Uloženo v:
Podrobná bibliografie
Hlavní autor: Silva, Patricio
Korporativní autor: CEDLA Latin America Studies
Médium: Neznámo
Jazyk:English
Témata:
Tagy: Přidat tag
Žádné tagy, Buďte první, kdo vytvoří štítek k tomuto záznamu!

MARC

LEADER 00000 a2200000 04500
001 41509
003
008 050701s2009 ne eng d
040
020 |a 978-90-04-17783-3  
022 |a 978-90-04-17783-3  
041 |a Inglés  
090 |a 0002 S586w  
100 |a Silva, Patricio  
110 |a CEDLA Latin America Studies  
130 |a Widening Democracy  
245 |a Citizens and participatory schemes in Brazil and Chile /   |c Patricio Silva; Herwing Cleuren  
300 |a 374 páginas, Vol. 97  
505 |a tablas; graficos  
520 |a Demandas sociales de Chile y Brasil, factores históricos  
650 |a DEMOCRACIA/  
650 |a PARTICIPACION POLITICA/  
650 |a GOBIERNO/  
650 |a POLITICA/  
650 |a MESTIZAJE/  
650 |a CIUDADANOS/  
650 |a ACTIVISTAS/  
651 |b RASIL/  
651 |a CHILE  
700 |l euren, Herwing  
999 |c 11960  |d 11960